000 00383nam a22001577a 4500
003 BD-DhUIB
005 20251012181444.0
008 251012b |||||||| |||| 00| 0 eng d
040 _aBD-DhUIB
_cBD-DhUIB
050 _a677.022
082 _222
100 _aOstenwalder, Alex.
_9988
245 _aV alue proposition design/
_cby Ales, Osterwalder.
526 _aBBA.
942 _2ddc
_cBK
999 _c527
_d527